000 00345nam a2200169Ia 4500
100 _ashah/Deven
650 _aInternet
942 _cBK
366 _f20
654 _aadvanced internet
245 _aAdvanced internet technology
260 _bDreamtech
_c2015
082 _a4.65
_bSHA
300 _a422
546 _aENGLISH
999 _c26028
_d26028